[Event "Velero Sin Enroque"]
[Site "Ourense"]
[Date "2010.12.18"]
[Round "1.1"]
[White "Pena Gomez, Manuel"]
[Black "Gomez Dieguez, David"]
[Result "1-0"]
[WhiteElo "2429"]
[BlackElo "1918"]
[PlyCount "67"]
[EventDate "2010.12.18"]

{Round 1, between 8 players for 4 positions to complete the final 8 with 4 GMs} 1. d4 d5 2. Nf3 c5 3. e3 Nf6 4. c3 Nc6 5. Bd3 Bg4 6. Nbd2 e6 7. h3 Bxf3 8. Qxf3
Qb6 9. Qg3 g6 10. f4 Nh5 11. Qf3 c4 12. Bc2 f5 13. g4 Nf6 14. g5 Ne4 15. Bxe4
fxe4 16. Qg4 Kf7 17. h4 Bd6 18. h5 Ne7 19. Nf1 Nf5 20. Rh2 Qa5 21. a3 b5 22.
Bd2 Qa4 23. Ng3 Qc2 24. Nxf5 exf5 25. Qd1 Qxb2 26. Rb1 Qxa3 27. Rxb5 Rab8 28.
Qb1 a6 29. Rb7+ Ke6 30. Ke2 Rxb7 31. Qxb7 Rb8 32. Qxh7 Rb2 33. hxg6 Qa2 34.
Qf7# 1-0

[Event "Velero Sin Enroque"]
[Site "Ourense"]
[Date "2010.12.18"]
[Round "1.1"]
[White "Gomez Dieguez, David"]
[Black "Pena Gomez, Manuel"]
[Result "0-1"]
[WhiteElo "1918"]
[BlackElo "2429"]
[PlyCount "130"]
[EventDate "2010.12.18"]

{Round 1, between 8 players for 4 positions to complete the final 8 with 4 GMs} 1. d4 d5 2. Bf4 c6 3. Nf3 e6 4. e3 Bd6 5. Bxd6 Qxd6 6. c3 Nf6 7. Bd3 Ke7 8.
Nbd2 Nbd7 9. e4 dxe4 10. Nxe4 Nxe4 11. Bxe4 Nf6 12. Bc2 Rd8 13. Qe2 Kf8 14. Qe5
Qxe5+ 15. dxe5 Nd5 16. Bxh7 g6 17. h4 Kg7 18. Ng5 Nf4 19. Rd1 Nxg2+ 20. Ke2
Nf4+ 21. Kf3 Nd3 22. Ke3 b6 23. Rxd3 Ba6 24. Rxd8 Rxd8 25. h5 Rd3+ 26. Kf4 Bc8
27. h6+ Kh8 28. Nxf7+ Kxh7 29. Ng5+ Kh8 30. h7 Rd7 31. Rh6 Rg7 32. c4 c5 33. a3
Bd7 34. b4 cxb4 35. axb4 a5 36. c5 axb4 37. cxb6 Bc6 38. Nxe6 Rf7+ 39. Ke3 b3
40. Ng5 Rb7 41. e6 Be8 42. Kd2 b2 43. Kc2 Rxb6 44. Kb1 Rb5 45. f4 Rb4 46. Rh4
Rb7 47. Rh2 Rb4 48. Rxb2 Rxf4 49. Rb8 Rf1+ 50. Kc2 Rf8 51. Kd2 Kg7 52. e7 Rh8
53. Ke3 Kf6 54. Kf4 Kxe7 55. Ke5 Rf8 56. Rb7+ Bd7 57. Rb6 Rf5+ 58. Ke4 Rf8 59.
Rxg6 Bf5+ 60. Ke5 Bxg6 61. Kd4 Bxh7 62. Nxh7 Rf5 63. Ke4 Ke6 64. Kd4 Kf7 65.
Ke4 Kg6 0-1

[Event "Velero Sin Enroque"]
[Site "Ourense"]
[Date "2010.12.18"]
[Round "1.2"]
[White "Garcia Castro, Pablo"]
[Black "Perez Fungueiro, Manuel"]
[Result "1/2-1/2"]
[WhiteElo "2399"]
[BlackElo "2260"]
[PlyCount "68"]
[EventDate "2010.12.18"]

{Round 1, between 8 players for 4 positions to complete the final 8 with 4 GMs} 1. d4 f5 2. e3 Nf6 3. Bd3 d5 4. Nh3 Nc6 5. c4 e5 6. cxd5 Nxd5 7. Bb5 Bb4+ 8.
Kf1 Kf8 9. Nc3 Be6 10. Ne2 Qh4 11. Bxc6 bxc6 12. dxe5 Rd8 13. Nd4 Bc8 14. Bd2
c5 15. Nf3 Ba6+ 16. Kg1 Qe7 17. Bxb4 cxb4 18. Qa4 Bb7 19. Qxa7 c5 20. Qa4 Nb6
21. Qc2 Be4 22. Qe2 h6 23. Rc1 g5 24. Qb5 Kg7 25. Qxb6 g4 26. Nf4 gxf3 27. g3
Qf7 28. h4 Qd7 29. Qg6+ Kf8 30. Ne6+ Qxe6 31. Qxe6 Re8 32. Qf6+ Kg8 33. Rxc5
Rh7 34. Kh2 Rf8 1/2-1/2

[Event "Velero Sin Enroque"]
[Site "Ourense"]
[Date "2010.12.18"]
[Round "1.2"]
[White "Perez Fungueiro, Manuel"]
[Black "Garcia Castro, Pablo"]
[Result "0-1"]
[WhiteElo "2260"]
[BlackElo "2399"]
[PlyCount "66"]
[EventDate "2010.12.18"]

{Round 1, between 8 players for 4 positions to complete the final 8 with 4 GMs} 1. f4 e5 2. fxe5 d6 3. exd6 Bxd6 4. Nf3 Nf6 5. d4 Nc6 6. Bg5 h6 7. Bxf6 Qxf6 8.
Nc3 Bg4 9. Ne4 Bb4+ 10. c3 Qe7 11. Ned2 Bd6 12. e4 Rd8 13. Bb5 Bf4 14. Kf2 Kf8
15. Re1 h5 16. Kg1 h4 17. h3 Bh5 18. Nf1 Ne5 19. dxe5 Rxd1 20. Raxd1 Bxf3 21.
gxf3 Rh6 22. Kh1 Rg6 23. Ne3 c6 24. Nf5 Qc7 25. Bf1 Kg8 26. Rd3 Bxe5 27. Nxh4
Rd6 28. Red1 Rxd3 29. Rxd3 Qb6 30. Rd2 Qe3 31. Rg2 Qe1 32. Nf5 Qxf1+ 33. Rg1
Qxh3# 0-1

[Event "Velero Sin Enroque"]
[Site "Ourense"]
[Date "2010.12.18"]
[Round "1.3"]
[White "Rivera, Daniel"]
[Black "De Sousa Da Silva, Armando"]
[Result "1-0"]
[WhiteElo "2338"]
[BlackElo "2055"]
[PlyCount "93"]
[EventDate "2010.12.18"]

{Round 1, between 8 players for 4 positions to complete the final 8 with 4 GMs} 1. d4 Nf6 2. e3 e6 3. f4 b6 4. Nf3 Bb7 5. Bd3 Nc6 6. c3 Ne7 7. Rf1 c5 8. Kf2
Qc7 9. Kg1 h5 10. Qe2 h4 11. e4 Nh5 12. Ne5 a6 13. dxc5 Qxc5+ 14. Be3 Qc7 15.
Na3 f6 16. Nec4 Nc8 17. Qg4 Bc5 18. Qxh4 b5 19. Qf2 Bxe3 20. Nxe3 Nb6 21. c4 b4
22. Nac2 a5 23. Nd4 Qd6 24. Nb5 Qxd3 25. Rad1 Bxe4 26. Rxd3 Bxd3 27. Rd1 Bg6
28. f5 Bf7 29. Nc7+ Ke7 30. Nxa8 Rxa8 31. Nc2 Kf8 32. Qxb6 Be8 33. fxe6 dxe6
34. Rd8 Rxd8 35. Qxd8 e5 36. c5 Kf7 37. c6 Bxc6 38. Qc7+ Kg6 39. Qxc6 Kf7 40.
Qd7+ Kf8 41. Ne3 g6 42. Nd5 a4 43. g4 b3 44. gxh5 bxa2 45. Qe7+ Kg8 46. Nxf6+
Kh8 47. Qh7# 1-0

[Event "Velero Sin Enroque"]
[Site "Ourense"]
[Date "2010.12.18"]
[Round "1.3"]
[White "De Sousa Da Silva, Armando"]
[Black "Rivera, Daniel"]
[Result "0-1"]
[WhiteElo "2055"]
[BlackElo "2338"]
[PlyCount "100"]
[EventDate "2010.12.18"]

{Round 1, between 8 players for 4 positions to complete the final 8 with 4 GMs} 1. e4 c5 2. f4 Nc6 3. Nf3 d5 4. e5 Bg4 5. c3 e6 6. Be2 h5 7. Qa4 Nh6 8. d4 Nf5
9. dxc5 Bxc5 10. b4 Bb6 11. Na3 Kf8 12. Nc2 Rc8 13. Bd2 g6 14. Qb5 Bxf3 15.
Bxf3 Nh4 16. Qe2 d4 17. Be4 dxc3 18. Bxc3 Nd4 19. Bxd4 Bxd4 20. Rd1 Bc3+ 21.
Kf1 Qc7 22. g3 Nf5 23. Kg2 Kg7 24. Rhf1 Rhd8 25. h3 Ne7 26. Ne3 Bxb4 27. Rb1
Nc6 28. Rb2 Rd4 29. Nc4 Rcd8 30. Rf2 Bc5 31. Bf3 R4d7 32. Ne3 Nd4 33. Qd1 Nxf3
34. Qxf3 b6 35. Rfc2 Rd3 36. Qe4 R8d4 37. Qf3 Rd8 38. Qe4 R8d4 39. Qf3 Rd8 40.
Rb3 Rxb3 41. axb3 Rd3 42. Qe4 Qd7 43. Nc4 Qd5 44. Qxd5 exd5 45. Na5 d4 46. Nb7
Rc3 47. Rb2 d3 48. Kf3 Rc2 49. Rb1 d2 50. Ke2 Rc1 0-1

[Event "Velero Sin Enroque"]
[Site "Ourense"]
[Date "2010.12.18"]
[Round "1.4"]
[White "Sanchez Aller, Fernando"]
[Black "Rodriguez Boado, Martin"]
[Result "0-1"]
[WhiteElo "2323"]
[BlackElo "2152"]
[PlyCount "128"]
[EventDate "2010.12.18"]

{Round 1, between 8 players for 4 positions to complete the final 8 with 4 GMs} 1. e4 Nf6 2. Nc3 d5 3. exd5 Nxd5 4. Bc4 Be6 5. Qf3 c6 6. Nge2 Nc7 7. d3 g6 8.
Bf4 Bxc4 9. dxc4 Bg7 10. Rd1 Nd7 11. Nd4 e5 12. Ne4 exf4 13. Nd6+ Kf8 14. Nxb7
Qe7+ 15. Kf1 Bxd4 16. Rxd4 Re8 17. g3 Ne6 18. Rd1 Ndc5 19. Qxc6 Qxb7 20. Qxb7
Nxb7 21. Kg2 Kg7 22. Rd7 Nec5 23. Rc7 Rc8 24. Rxc8 Rxc8 25. gxf4 Ne6 26. b3
Nxf4+ 27. Kf3 Ne6 28. Rd1 Rc7 29. Rd5 f5 30. Ke3 Kf6 31. Kd2 Nbc5 32. f3 Rd7
33. b4 Rxd5+ 34. cxd5 Ke5 35. dxe6 Nxe6 36. Ke3 f4+ 37. Kd3 Nd4 38. c4 Nxf3 39.
h3 Ng5 40. h4 Ne4 41. a4 h6 42. c5 Kd5 43. c6 g5 44. hxg5 hxg5 45. b5 g4 46. a5
g3 47. c7 Nd6 48. b6 Kc6 49. bxa7 Kb7 50. Ke2 Kxa7 51. Kf3 Kb7 52. Kg2 Kxc7 53.
Kf3 Kc6 54. Kg2 Kd5 55. Kf3 Ke5 56. a6 Nb5 57. Kg2 Ke4 58. Kg1 Kf3 59. Kf1 g2+
60. Kg1 Na7 61. Kh2 Kf2 62. Kh3 g1=Q 63. Kh4 Qg6 64. Kh3 Qg3# 0-1

[Event "Velero Sin Enroque"]
[Site "Ourense"]
[Date "2010.12.18"]
[Round "1.4"]
[White "Rodriguez Boado, Martin"]
[Black "Sanchez Aller, Fernando"]
[Result "0-1"]
[WhiteElo "2152"]
[BlackElo "2323"]
[PlyCount "140"]
[EventDate "2010.12.18"]

{Round 1, between 8 players for 4 positions to complete the final 8 with 4 GMs} 1. e4 c5 2. c3 e6 3. d4 a6 4. Nf3 b5 5. a4 Bb7 6. Bd3 Nf6 7. axb5 axb5 8. Rxa8
Bxa8 9. e5 Nd5 10. Bxb5 cxd4 11. Nxd4 Bc5 12. Nb3 Bxf2+ 13. Kf1 Bb6 14. Qg4 Kf8
15. Na3 Nc6 16. Nc4 Qc7 17. Qg3 Na7 18. Ba6 Bb7 19. Bxb7 Qxc4+ 20. Ke1 Qxb3 21.
Rf1 Qc2 22. Qg5 Qe4+ 23. Kd1 Qd3+ 24. Ke1 Nc6 25. Bxc6 dxc6 26. Rf3 Qe4+ 27.
Kd1 h6 28. Qh5 g6 29. Bxh6+ Ke8 30. Qg5 Qb1+ 31. Qc1 Qxc1+ 32. Bxc1 Rxh2 33.
Rg3 Bf2 34. Rd3 Rxg2 35. Bd2 c5 36. c4 Ne7 37. Ke2 Bd4+ 38. Kf1 Rf2+ 39. Ke1
Rf5 40. b4 Nc6 41. b5 Nxe5 42. Rb3 Nxc4 43. b6 Nxd2 44. Kxd2 Rd5 45. Kd3 Rd8
46. Kc4 Kd7 47. Kb5 Rb8 48. Ra3 c4 49. Ra7+ Kd6 50. Kxc4 Bxb6 51. Rxf7 Rg8 52.
Kd3 g5 53. Rb7 Bc5 54. Ke4 g4 55. Rb2 g3 56. Rd2+ Ke7 57. Rg2 Bf2 58. Kf3 Rf8+
59. Ke4 Rf5 60. Kd3 Re5 61. Kd2 Re3 62. Kd1 Kd6 63. Kd2 Kd5 64. Kd1 Kd4 65. Kd2
e5 66. Kd1 Kc3 67. Rxg3 Rxg3 68. Ke2 Bd4 69. Ke1 Kd3 70. Kf1 Rg1# 0-1

[Event "Velero Sin Enroque"]
[Site "Ourense"]
[Date "2010.12.18"]
[Round "2.1"]
[White "Rodriguez Boado, Martin"]
[Black "Salgado Lopez, Ivan"]
[Result "0-1"]
[WhiteElo "2152"]
[BlackElo "2602"]
[PlyCount "92"]
[EventDate "2010.12.18"]

{Round 2, 8 finalists, Quarter Final} 1. b3 c5 2. Bb2 Nc6 3. Nf3 e6 4. d4 Nf6 5. Nbd2 cxd4 6. Nxd4 Nxd4 7. Bxd4 d6 8.
e4 Bd7 9. c4 Be7 10. f3 h5 11. Bd3 h4 12. Qe2 Nh5 13. g3 Bf6 14. Qf2 Qa5 15.
Bxf6 gxf6 16. Qd4 Ke7 17. Rg1 hxg3 18. hxg3 Rag8 19. b4 Qc7 20. Nf1 b6 21. a4
a5 22. bxa5 bxa5 23. Rc1 Qc5 24. Qxc5 dxc5 25. Be2 Nf4 26. Kf2 Nh3+ 27. Kg2
Nxg1 28. Kxg1 Rb8 29. Rc2 Rb4 30. Nd2 Bxa4 31. Ra2 Bd7 32. Bd1 a4 33. Kg2 Bc6
34. Bc2 Rd8 35. Nf1 Rxc4 36. Ne3 Rc3 37. Nf1 a3 38. Kf2 Rb8 39. Ke2 Bb5+ 40.
Kd2 Rxf3 41. Ne3 Rd8+ 42. Nd5+ exd5 43. e5 fxe5 44. Bd1 Rf2+ 45. Kc3 Rxa2 46.
Bb3 d4# 0-1

[Event "Velero Sin Enroque"]
[Site "Ourense"]
[Date "2010.12.18"]
[Round "2.1"]
[White "Salgado Lopez, Ivan"]
[Black "Rodriguez Boado, Martin"]
[Result "1-0"]
[WhiteElo "2602"]
[BlackElo "2152"]
[PlyCount "85"]
[EventDate "2010.12.18"]

{Round 2, 8 finalists, Quarter Final} 1. c4 Nf6 2. Nc3 d5 3. Nf3 g6 4. e3 Bg7 5. a3 h6 6. Qc2 Kf8 7. cxd5 c6 8. dxc6
Nxc6 9. Be2 Kg8 10. h4 Bf5 11. d3 Kh7 12. Ng5+ hxg5 13. hxg5+ Kg8 14. Rxh8+
Bxh8 15. gxf6 Bxf6 16. Bd2 Kg7 17. g4 Be6 18. g5 Bxg5 19. Ne4 Bh6 20. Bc3+ Kg8
21. Bf3 Qc8 22. Kd2 Bg4 23. Rh1 Bg7 24. Bxg7 Kxg7 25. Qc3+ f6 26. Bxg4 Qxg4 27.
Qc4 Ne5 28. Qb4 Qd7 29. d4 a5 30. Qb3 Rd8 31. Nc5 Qd5 32. Qxd5 Rxd5 33. Ne6+
Kf7 34. Nf4 Rd7 35. Rc1 g5 36. Nd3 Nc6 37. Ke2 Rd5 38. a4 e5 39. dxe5 fxe5 40.
Nc5 Nd8 41. Ne4 Kg6 42. Rc7 b5 43. Nc3 1-0

[Event "Velero Sin Enroque"]
[Site "Ourense"]
[Date "2010.12.18"]
[Round "2.2"]
[White "Strikovic, Aleksa"]
[Black "Rivera, Daniel"]
[Result "0-1"]
[WhiteElo "2570"]
[BlackElo "2338"]
[PlyCount "134"]
[EventDate "2010.12.18"]

{Round 2, 8 finalists, Quarter Final), quarter-finals} 1. c4 g6 2. d4 Bg7 3. Nf3 f5 4. Nc3 Nf6 5. Qc2 d6 6. e4 e6 7. e5 dxe5 8. dxe5
Ng4 9. Bg5 Qd7 10. Rd1 Qc6 11. Nd4 Qc5 12. Nb3 Qxe5+ 13. Be2 h6 14. Bh4 Kf7 15.
h3 Nf6 16. Bg3 f4 17. Bh2 Nc6 18. Kf1 g5 19. g3 Nb4 20. gxf4 Nxc2 21. fxe5 Nd7
22. a3 c5 23. Ne4 Nxe5 24. Nbxc5 Nc6 25. Bh5+ Kg8 26. b4 N6d4 27. Nd6 e5 28.
Nxc8 Rxc8 29. Bg4 Rf8 30. Kg2 Nxa3 31. Ne6 Re8 32. Nxg7 Kxg7 33. c5 Nab5 34.
Rhe1 Kf6 35. Rd3 Re7 36. Rde3 Nc6 37. Rf3+ Kg7 38. Rd3 Rf8 39. Rd5 Nc3 40. Rd6
Rf6 41. Bf3 e4 42. Bg4 Nb5 43. Rd7 Rff7 44. Rd2 Nbd4 45. Bd6 Nf3 46. Bxe7 Nxe1+
47. Kf1 Rxe7 48. Kxe1 Nxb4 49. Ke2 a6 50. Ke3 Nc6 51. Bf5 Ne5 52. Rd5 Kf6 53.
Bxe4 Nc4+ 54. Kd4 Nd2 55. Rd6+ Kg7 56. Bd5 a5 57. Rb6 a4 58. Rxb7 Nb3+ 59. Kc4
Na5+ 60. Kb4 Nxb7 61. c6 Nd8 62. Kxa4 Nxc6 63. Bxc6 Re2 64. f3 Kf6 65. Kb4 Rd2
66. Kc3 Rd6 67. Be4 Ke5 0-1

[Event "Velero Sin Enroque"]
[Site "Ourense"]
[Date "2010.12.18"]
[Round "2.2"]
[White "Rivera, Daniel"]
[Black "Strikovic, Aleksa"]
[Result "0-1"]
[WhiteElo "2338"]
[BlackElo "2570"]
[PlyCount "102"]
[EventDate "2010.12.18"]

{Round 2, 8 finalists, Quarter Final} 1. d4 e6 2. e4 d5 3. exd5 exd5 4. Bd3 Nc6 5. Ne2 Nb4 6. c3 Nxd3+ 7. Qxd3 c6 8.
Bf4 Ne7 9. f3 Bf5 10. Qe3 f6 11. Kf2 Kf7 12. Ng3 Qd7 13. Nxf5 Nxf5 14. Qd3 g5
15. Bg3 h5 16. h4 gxh4 17. Bxh4 Bd6 18. Nd2 Rag8 19. Nf1 Rg6 20. Rh3 Rhg8 21.
g3 Nxg3 22. Bxg3 Qxh3 23. Bxd6 Rg2+ 24. Ke1 Qe6+ 25. Ne3 Qxd6 26. Nxg2 Qg3+ 27.
Kd1 Qxg2 28. Qh7+ Ke6 29. Qxb7 Kf5 30. Qh7+ Kf4 31. Qh6+ Kxf3 32. Qxf6+ Ke3 33.
Qe6+ Qe4 34. Qh6+ Kf2 35. Qf6+ Qf3+ 36. Qxf3+ Kxf3 37. Kd2 h4 38. Rh1 Rh8 39.
c4 h3 40. b4 Kg2 41. Re1 h2 42. b5 cxb5 43. cxb5 h1=Q 44. Rxh1 Rxh1 45. Kc3
Rc1+ 46. Kb4 Kf3 47. a4 Ke4 48. a5 Kxd4 49. b6 Rb1+ 50. Ka3 axb6 51. axb6 Rxb6
0-1

[Event "Velero Sin Enroque"]
[Site "Ourense"]
[Date "2010.12.18"]
[Round "2.3"]
[White "Garcia Castro, Pablo"]
[Black "Barsov, Alexei"]
[Result "0-1"]
[WhiteElo "2399"]
[BlackElo "2507"]
[PlyCount "105"]
[EventDate "2010.12.18"]

{Round 2, 8 finalists, Quarter Final} 1. d4 d5 2. e3 Nf6 3. c3 g6 4. Bd3 Bg7 5. f4 c5 6. Nf3 b6 7. Ne5 Kf8 8. Nd2 Ba6
9. Ndf3 Bxd3 10. Qxd3 Ne4 11. Bd2 f6 12. Ng4 Nd7 13. Nf2 f5 14. Rg1 e6 15. Ke2
Ndf6 16. Be1 Qe8 17. Nh3 Ng4 18. Nf2 Ngxf2 19. Bxf2 Qa4 20. g4 a6 21. Bh4 Qb5
22. Qxb5 axb5 23. a3 fxg4 24. Rxg4 Nd6 25. Be1 Ke7 26. h4 Bf6 27. Bd2 Nc4 28.
Rb1 Rhg8 29. Be1 Kd7 30. Ne5+ Bxe5 31. fxe5 Raf8 32. Bg3 Rf5 33. Bf4 Ra8 34.
Kd3 Kc6 35. Rg5 Raf8 36. Kc2 Rxf4 37. exf4 Rxf4 38. Rg2 Ne3+ 39. Kd3 Nxg2 40.
h5 gxh5 41. Rg1 Rg4 42. Rf1 Rf4 43. Rg1 Rf2 44. Rh1 Rxb2 45. dxc5 bxc5 46. c4
bxc4+ 47. Kc3 Rb3+ 48. Kc2 Ne3+ 49. Kc1 Rxa3 50. Rxh5 c3 51. Kb1 c2+ 52. Kb2
Ra1 53. Kxa1 0-1

[Event "Velero Sin Enroque"]
[Site "Ourense"]
[Date "2010.12.18"]
[Round "2.3"]
[White "Barsov, Alexei"]
[Black "Garcia Castro, Pablo"]
[Result "1-0"]
[WhiteElo "2507"]
[BlackElo "2399"]
[PlyCount "53"]
[EventDate "2010.12.18"]

{Round 2, 8 finalists, Quarter Final} 1. d4 d6 2. Nf3 g6 3. g3 Nd7 4. Bg2 e5 5. c4 Bg7 6. Nc3 Ne7 7. e4 exd4 8. Nxd4
c6 9. Nde2 Ne5 10. b3 Bg4 11. Qc2 f5 12. h3 Bf3 13. Bxf3 Nxf3+ 14. Kf1 Rf8 15.
Bb2 Bh6 16. Kg2 Ne5 17. f4 Nf7 18. Rad1 Qa5 19. Nd4 Kd7 20. e5 dxe5 21. Nxf5+
Ke8 22. Nxh6 Nxh6 23. Ne4 Nhf5 24. Kh2 exf4 25. gxf4 Kf7 26. Ng5+ Kg8 27. Qe2
1-0

[Event "Velero Sin Enroque"]
[Site "Ourense"]
[Date "2010.12.18"]
[Round "2.4"]
[White "Hoffman, Alejandro"]
[Black "Pena Gomez, Manuel"]
[Result "1-0"]
[WhiteElo "2439"]
[BlackElo "2429"]
[PlyCount "97"]
[EventDate "2010.12.18"]

{Round 2, 8 finalists, Quarter Final} 1. 1. Nf3 Nf6 2. b3 d6 3. d4 Bg4 4. Bb2 Nbd7 5. h3 Bxf3 6. exf3 c5 7. dxc5 Qa5+ 8.
Nd2 Qxc5 9. c4 Rd8 10. a3 a6 11. b4 Qf5 12. Qb3 e6 13. Bd3 Qg5 14. g3 h5 15. f4
Qh6 16. Nf3 Be7 17. Kf1 Nh7 18. Kg2 h4 19. Rad1 Rg8 20. Qc2 Nhf8 21. Bc1 f5 22.
Rde1 Kf7 23. Bxf5 exf5 24. Qxf5+ Qf6 25. Qd5+ Ke8 26. Qxg8 hxg3 27. fxg3 Qf7
28. Qxf7+ Kxf7 29. Bb2 Bf6 30. Bxf6 gxf6 31. Nd4 Nb6 32. Rc1 d5 33. c5 Nc4 34.
Rhe1 Ng6 35. Nf5 b6 36. cxb6 Rb8 37. b7 Nf8 38. Re7+ Kg8 39. Rc7 Nb6 40. R1c6
Nbd7 41. Rd6 Re8 42. Rdxd7 Nxd7 43. Rxd7 Rb8 44. Rc7 Kf8 45. Rc8+ Rxc8 46.
bxc8=Q+ Kf7 47. Qd7+ Kg6 48. g4 d4 49. Qg7# 1-0

[Event "Velero Sin Enroque"]
[Site "Ourense"]
[Date "2010.12.18"]
[Round "2.4"]
[White "Pena Gomez, Manuel"]
[Black "Hoffman, Alejandro"]
[Result "1-0"]
[WhiteElo "2429"]
[BlackElo "2439"]
[PlyCount "50"]
[EventDate "2010.12.18"]

{Round 2, 8 finalists, Quarter Final} 1. e4 d6 2. Bc4 Nf6 3. Nc3 c6 4. Bb3 d5 5. e5 Nfd7 6. d4 e6 7. Qg4 f5 8. Qf4 c5
9. g4 cxd4 10. gxf5 dxc3 11. fxe6 Nxe5 12. Qxe5 Nc6 13. Qxd5 Bb4 14. Kf1 Qf6
15. bxc3 Rf8 16. Be3 Qxc3 17. Ke2 Qxa1 18. Nh3 Qf6 19. Nf4 Qf5 20. Qc4 g5 21.
Ba4 gxf4 22. Bxc6+ bxc6 23. Qxc6+ Ke7 24. Rd1 f3+ 25. Kf1 Qh3+ 1-0

[Event "Velero Sin Enroque"]
[Site "Ourense"]
[Date "2010.12.18"]
[Round "3.1"]
[White "Hoffman, Alejandro"]
[Black "Salgado Lopez, Ivan"]
[Result "0-1"]
[WhiteElo "2439"]
[BlackElo "2602"]
[PlyCount "112"]
[EventDate "2010.12.18"]

{Round 3, semifinals} 1. Nf3 c5 2. b3 Nc6 3. Bb2 d6 4. e3 e6 5. c4 Nf6 6. a3 Be7 7. Nc3 b6 8. d4 cxd4
9. Nxd4 Bb7 10. Be2 Ne5 11. f3 a6 12. e4 h5 13. Qd2 h4 14. f4 Ned7 15. Bf3 Qc7
16. Qe2 g6 17. Qe3 Kf8 18. Nde2 Re8 19. Rc1 Qb8 20. b4 Bd8 21. Kd2 b5 22. cxb5
Nb6 23. Qd3 d5 24. e5 Nfd7 25. Nd1 h3 26. g3 Nc4+ 27. Kc2 axb5 28. Nd4 Ndb6 29.
Ra1 Nxb2 30. Kxb2 Nc4+ 31. Kb3 Bb6 32. Nc3 Rc8 33. Rhc1 Ke7 34. Ncxb5 Ba6 35.
a4 Bxd4 36. Qxd4 Bxb5 37. axb5 Qxb5 38. Ra7+ Kf8 39. Be2 Kg7 40. f5 gxf5 41.
Qf4 Rh6 42. Rca1 Rg6 43. R1a2 Rb8 44. R7a4 Qb6 45. Rc2 Qg1 46. Bxc4 dxc4+ 47.
Qxc4 Rg4 48. Qc3 Qb1+ 49. Ka3 Re4 50. Qb2 Qe1 51. b5 Qe3+ 52. Rc3 Rxa4+ 53.
Kxa4 Qa7+ 54. Kb4 Rxb5+ 55. Kxb5 Qb7+ 56. Kc4 Qxb2 0-1

[Event "Velero Sin Enroque"]
[Site "Ourense"]
[Date "2010.12.18"]
[Round "3.1"]
[White "Salgado Lopez, Ivan"]
[Black "Hoffman, Alejandro"]
[Result "1-0"]
[WhiteElo "2602"]
[BlackElo "2439"]
[PlyCount "79"]
[EventDate "2010.12.18"]

{Round 3, semifinals} 1. d4 c5 2. d5 e5 3. dxe6 fxe6 4. Nf3 Nf6 5. Bf4 d5 6. e3 Nc6 7. Nbd2 Bd6 8.
Bxd6 Qxd6 9. c3 Rf8 10. h3 Kf7 11. g4 Kg8 12. g5 Nd7 13. h4 b6 14. h5 Bb7 15.
Bg2 Qe7 16. Qe2 a5 17. Bf1 e5 18. e4 d4 19. Qc4+ Kh8 20. Nh4 Qxg5 21. Ng6+ hxg6
22. hxg6+ Qh6 23. Rxh6+ gxh6 24. Qe6 Rad8 25. Bc4 Rf6 26. Qh3 Rxg6 27. Ke2 Nf8
28. Nf3 Bc8 29. Qh4 Bg4 30. Bf7 Bxf3+ 31. Kxf3 Rgd6 32. Bd5 Nh7 33. Ke2 Rf8 34.
Bxc6 Rxc6 35. Qe7 Rcf6 36. Qxe5 Ng5 37. f4 Nh3 38. f5 dxc3 39. bxc3 Kh7 40. Rd1
1-0

[Event "Velero Sin Enroque"]
[Site "Ourense"]
[Date "2010.12.18"]
[Round "3.2"]
[White "Barsov, Aleksei"]
[Black "Strikovic, Aleksa"]
[Result "0-1"]
[WhiteElo "2507"]
[BlackElo "2570"]
[PlyCount "104"]
[EventDate "2010.12.18"]

{Round 3, semifinals} 1. d4 c5 2. d5 e5 3. e4 a6 4. a4 d6 5. h3 g6 6. Nf3 Bh6 7. Na3 Nd7 8. Bd3 Kf8
9. Nd2 Kg7 10. b3 Ngf6 11. Bb2 Rf8 12. Qe2 Kg8 13. Nac4 Ne8 14. h4 Ndf6 15. a5
Rb8 16. g3 Bd7 17. Kf1 Bb5 18. Nb6 Bxd3 19. cxd3 Nc7 20. Ndc4 Nb5 21. Kg2 Nh5
22. Ne3 Qe8 23. Qg4 Bg7 24. Qd7 Qd8 25. b4 cxb4 26. Ra4 Nf6 27. Qxd8 Rfxd8 28.
Rxb4 Nd7 29. Nec4 Nc5 30. Rd1 f5 31. f3 fxe4 32. dxe4 Rf8 33. Na3 Nd4 34. Bxd4
exd4 35. Nc2 d3 36. Nd4 Rf7 37. Ne6 Bc3 38. Rbb1 d2 39. Nc4 Nxe6 40. dxe6 Re7
41. Nxd2 Bxa5 42. Nc4 Bc7 43. Nxd6 b5 44. Rbc1 b4 45. Rc6 a5 46. Nc4 a4 47. Rd7
Bd8 48. Ra6 a3 49. Ne5 b3 50. Nc6 Rxd7 51. exd7 b2 52. Nxb8 b1=Q 0-1

[Event "Velero Sin Enroque"]
[Site "Ourense"]
[Date "2010.12.18"]
[Round "3.2"]
[White "Strikovic, Aleksa"]
[Black "Barsov, Aleksei"]
[Result "1/2-1/2"]
[WhiteElo "2570"]
[BlackElo "2507"]
[PlyCount "74"]
[EventDate "2010.12.18"]

{Round 3, semifinals} 1. c4 e6 2. Nc3 d5 3. e3 Nf6 4. Nf3 a6 5. b3 c5 6. Bb2 Nc6 7. cxd5 exd5 8. d4
Bg4 9. Be2 Bxf3 10. Bxf3 cxd4 11. exd4 Bb4 12. Kf1 Rc8 13. Qd3 g6 14. a3 Bxc3
15. Bxc3 Kf8 16. g3 Kg7 17. Kg2 Re8 18. Rhe1 Qd7 19. Bd2 Rxe1 20. Rxe1 Re8 21.
Rc1 Ne4 22. Be3 h5 23. h4 Qf5 24. Qd1 Qf6 25. b4 Kg8 26. Be2 Ne7 27. Bf3 Nf5
28. Bxe4 Rxe4 29. Bg5 Qe6 30. Rc7 f6 31. Bc1 Rxd4 32. Qf3 Rxh4 33. Rxb7 Nd4 34.
Rb8+ Kf7 35. Rb7+ Kg8 36. Rb8+ Kf7 37. Rb7+ Kg8 1/2-1/2

[Event "Velero Sin Enroque"]
[Site "Ourense"]
[Date "2010.12.18"]
[Round "3.3"]
[White "Pena Gomez, Manuel"]
[Black "Rodriguez Boado, Martin"]
[Result "1-0"]
[WhiteElo "2429"]
[BlackElo "2152"]
[PlyCount "75"]
[EventDate "2010.12.18"]

{Round 3 for fifth to eighth positions} 1. d4 Nf6 2. Nf3 g6 3. e3 h5 4. Bd3 Bh6 5. e4 d6 6. Bxh6 Rxh6 7. Qd2 Rh8 8. Nc3
Bg4 9. e5 Nfd7 10. Qf4 dxe5 11. Nxe5 Nxe5 12. dxe5 Nd7 13. Ne4 c6 14. f3 Qa5+
15. b4 Qxe5 16. Qxe5 Nxe5 17. fxg4 hxg4 18. Kd2 Rd8 19. Kc3 Kf8 20. Rae1 Kg7
21. Nc5 Nxd3 22. Nxd3 Rhe8 23. g3 Rd5 24. Re4 f5 25. Re6 Rd6 26. Rhe1 Rxe6 27.
Rxe6 Kf7 28. Re2 Kf6 29. Nc5 b6 30. Nd7+ Kg7 31. Re6 c5 32. bxc5 bxc5 33. Ne5
Rh8 34. Rxg6+ Kf8 35. Rg5 Rxh2 36. Rxf5+ Ke8 37. Rg5 Re2 38. Rg8# 1-0

[Event "Velero Sin Enroque"]
[Site "Ourense"]
[Date "2010.12.18"]
[Round "3.3"]
[White "Rodriguez Boado, Martin"]
[Black "Pena Gomez, Manuel"]
[Result "0-1"]
[WhiteElo "2152"]
[BlackElo "2429"]
[PlyCount "60"]
[EventDate "2010.12.18"]

{Round 3 for fifth to eighth positions} 1. e4 c5 2. c3 Nf6 3. e5 Nd5 4. d4 cxd4 5. Qxd4 e6 6. Bc4 Nc6 7. Qe4 d6 8. f4
dxe5 9. fxe5 Nxe5 10. Bb5+ Bd7 11. Bxd7+ Nxd7 12. c4 Nb4 13. Na3 Nc5 14. Qe2
Qd3 15. Nf3 a6 16. Bg5 Be7 17. Bxe7 Qxe2+ 18. Kxe2 Kxe7 19. Ne1 Ne4 20. Nb1 f6
21. a3 Nc6 22. Ke3 Nd6 23. c5 Nc4+ 24. Ke2 Nd4+ 25. Kf2 Nb3 26. Ra2 Nc1 27. Ra1
Nxb2 28. Nc3 Ncd3+ 29. Nxd3 Nxd3+ 30. Ke3 Nxc5 0-1

[Event "Velero Sin Enroque"]
[Site "Ourense"]
[Date "2010.12.18"]
[Round "3.4"]
[White "Garcia Castro, Pablo"]
[Black "Rivera, Daniel"]
[Result "1-0"]
[WhiteElo "2399"]
[BlackElo "2338"]
[PlyCount "115"]
[EventDate "2010.12.18"]

{Round 3 for fifth to eighth positions} 1. f4 e5 2. fxe5 d6 3. exd6 Bxd6 4. Nf3 g5 5. g3 g4 6. Nh4 Be7 7. Ng2 h5 8. c3
h4 9. Qa4+ Nc6 10. gxh4 Qd5 11. e4 Qe5 12. Kd1 Bd7 13. Qc2 f5 14. d4 Qxe4 15.
Qxe4 fxe4 16. Bf4 Bd6 17. Bg3 Nge7 18. Nd2 Bf5 19. Ne3 Kd7 20. Be2 Be6 21. Nxe4
Raf8 22. Ng5 Nd5 23. Nxe6 Nxe3+ 24. Kd2 Re8 25. Kxe3 Rxe6+ 26. Kd2 Re4 27. Bd3
Re7 28. Bf5+ Kd8 29. Rhf1 Rhe8 30. Rae1 Rxe1 31. Rxe1 Ne7 32. Bxg4 Rg8 33. Bxd6
cxd6 34. h3 Nd5 35. Re6 Kc7 36. c4 Nf4 37. Re7+ Kb8 38. Rf7 Ng6 39. h5 Nh8 40.
Rd7 Rf8 41. Be6 Rf6 42. Rd8+ Kc7 43. Rc8+ Kb6 44. c5+ dxc5 45. dxc5+ Kb5 46.
Bd7+ Kc4 47. Rxh8 Rf2+ 48. Ke3 Rxb2 49. h6 Rxa2 50. Be6+ Kxc5 51. Bxa2 b5 52.
Rc8+ Kb4 53. h7 a5 54. h8=Q Ka4 55. Qb2 b4 56. Qb3+ Kb5 57. Qc4+ Kb6 58. Qc6+
1-0